Statistics for Asian Cities Tile Select Quiz

Click here to take the quiz!

General Stats

  • This quiz has been taken 29 times
  • The average score is 66 of 72

Answer Stats

QuestionTileSelect% Correct
Which of these cities are in China?AstanaNo
100%
Which of these cities are in South Korea?BakuNo
100%
Which of these cities are in China?BangkokNo
100%
Which of these cities are in China?BusanNo
100%
Which of these cities are in India?ChennaiYes
100%
Which of these cities are in India?DhakaNo
100%
Which of these Asian cities are capitals?George TownNo
100%
Which of these cities are in China?IncheonNo
100%
Which of these Asian cities are in the Middle East?IndoreNo
100%
Which of these cities are in India?IslamabadNo
100%
Which of these Asian cities are capitals?JaipurNo
100%
Which of these cities are in India?KathmanduNo
100%
Which of these Asian cities are in the Middle East?LahoreNo
100%
Which of these Asian cities are capitals?LahoreNo
100%
Which of these cities are in China?ManilaNo
100%
Which of these cities are in China?PyongyangNo
100%
Which of these cities are in South Korea?PyongyangNo
100%
Which of these cities are in China?SeoulNo
100%
Which of these cities are in South Korea?TbilisiNo
100%
Which of these cities are in India?DhakaNo
96%
Which of these Asian cities are in the Middle East?DushanbeNo
96%
Which of these cities are in China?HangzhouYes
96%
Which of these Asian cities are capitals?Ho Chi Minh CItyNo
96%
Which of these Asian cities are capitals?IstanbulNo
96%
Which of these cities are in India?KarachiNo
96%
Which of these Asian cities are capitals?KarachiNo
96%
Which of these cities are in India?KolkataYes
96%
Which of these cities are in India?LahoreNo
96%
Which of these Asian cities are capitals?MumbaiNo
96%
Which of these cities are in India?MumbaiYes
96%
Which of these cities are in China?NaypyidawNo
96%
Which of these cities are in South Korea?SeoulYes
96%
Which of these cities are in China?TaipeiNo
96%
Which of these cities are in China?UlaanbaatarNo
96%
Which of these Asian cities are in the Middle East?BaghdadYes
93%
Which of these Asian cities are capitals?BeirutYes
93%
Which of these cities are in India?ColomboNo
93%
Which of these cities are in India?FaisalabadNo
93%
Which of these cities are in China?FuzhouYes
93%
Which of these cities are in South Korea?IzmirNo
93%
Which of these Asian cities are capitals?JeddahNo
93%
Which of these Asian cities are in the Middle East?JerusalemYes
93%
Which of these Asian cities are in the Middle East?RiyadhYes
93%
Which of these Asian cities are capitals?TehranYes
93%
Which of these Asian cities are in the Middle East?Tel- AvivYes
93%
Which of these cities are in China?ThimphuNo
93%
Which of these Asian cities are in the Middle East?AmmanYes
89%
Which of these cities are in India?AshgabatNo
89%
Which of these Asian cities are capitals?BaghdadYes
89%
Which of these Asian cities are in the Middle East?BeirutYes
89%
Which of these cities are in South Korea?BusanYes
89%
Which of these cities are in South Korea?DalianNo
89%
Which of these Asian cities are in the Middle East?JeddahYes
89%
Which of these Asian cities are in the Middle East?MeccaYes
89%
Which of these cities are in China?QingdaoYes
89%
Which of these cities are in China?QuettaNo
89%
Which of these Asian cities are in the Middle East?DamascasYes
85%
Which of these Asian cities are capitals?DhakaYes
85%
Which of these Asian cities are capitals?HanoiYes
85%
Which of these cities are in South Korea?IncheonYes
85%
Which of these Asian cities are capitals?MuscatYes
85%
Which of these Asian cities are capitals?TbilisiYes
85%
Which of these cities are in India?ChittagongNo
81%
Which of these Asian cities are capitals?DiliYes
81%
Which of these Asian cities are in the Middle East?TehranYes
81%
Which of these cities are in China?ChangshaYes
78%
Which of these Asian cities are in the Middle East?Sana'aYes
78%
Which of these Asian cities are in the Middle East?MedinaYes
74%
Which of these cities are in India?RawalpindiNo
70%
Which of these cities are in India?KhulnaNo
67%
Which of these Asian cities are in the Middle East?AnkaraYes
59%
Which of these cities are in India?IndoreYes
59%

Score Distribution

Percentile by Number Answered

Percent of People with Each Score

Your Score History

You have not taken this quiz